Loading...
| Literature - British | 0 | 8 | 2 | 0 | 70 | 26 | 82.25 | 4 | 6 | 29.43 | 56.36 |
| Literature - American | 0 | 7 | 2 | 0 | 60 | 71 | 91.43 | 2 | 6 | 22.07 | 54.55 |
| Literature - European | 0 | 6 | 0 | 1 | 60 | 36 | 84.17 | 1 | 6 | 21.72 | 41.82 |
| Literature - World | 0 | 4 | 0 | 0 | 40 | 74 | 99.25 | 0 | 3 | 10.16 | 28.18 |
| History - World | 0 | 4 | 0 | 0 | 40 | 67 | 75.25 | 0 | 2 | 14.79 | 21.82 |
| Philosophy | 0 | 4 | 1 | 0 | 35 | 82 | 106.75 | 0 | 2 | 6.42 | 23.64 |
| Religion | 0 | 4 | 1 | 0 | 35 | 39 | 77.25 | 1 | 4 | 15.68 | 31.82 |
| Mythology | 0 | 3 | 0 | 1 | 30 | 77 | 112.67 | 0 | 1 | 5.28 | 16.36 |
| Science - Physics | 0 | 3 | 2 | 2 | 20 | 115 | 117.33 | 0 | 0 | 0.07 | 3.64 |
| Science - Biology | 0 | 2 | 0 | 0 | 20 | 80 | 99.50 | 0 | 1 | 3.15 | 12.73 |
| Social Science | 0 | 3 | 4 | 1 | 10 | 96 | 107.67 | 0 | 2 | 4.73 | 18.18 |
| Fine Arts - Other | 0 | 1 | 0 | 0 | 10 | 81 | 81.00 | 0 | 1 | 3.55 | 8.18 |
| History - European | 0 | 1 | 0 | 0 | 10 | 67 | 67.00 | 0 | 0 | 4.26 | 6.36 |
| Science - Chemistry | 0 | 1 | 0 | 0 | 10 | 122 | 122.00 | 0 | 1 | 0.00 | 8.18 |
| Science - Other | 0 | 2 | 2 | 1 | 10 | 94 | 108.00 | 0 | 1 | 2.01 | 10.00 |
| Current Events | 0 | 1 | 0 | 0 | 10 | 125 | 125.00 | 0 | 0 | 2.70 | 16.67 |
| Other Academic | 0 | 0 | 1 | 0 | -5 | 0.00 | 0 | 0 | 0.00 | 0.00 | |
| History - Other | 0 | 0 | 1 | 0 | -5 | 0.00 | 0 | 0 | 0.00 | 0.00 | |
| Fine Arts - Classical Music | 0 | 0 | 1 | 0 | -5 | 0.00 | 0 | 0 | 0.00 | 0.00 |